Structural infuluence of Sheng on Kiswahili language : text book of African linguistics /

This book on Sheng is a result of a field study between 2007 and 2010 done to fill the vacuum on Sheng research, especially the role of the new language to improve the standard Kiswahili. University students, language and linguistic researchers in East Africa and beyond will be able to find extra an...

Descripción completa

Guardado en:
Detalles Bibliográficos
Autor principal: Oyugi Amba Timothy
Formato: Libro
Publicado: Mzumbe : Mzumbe University, c2012.
Materias:
Acceso en línea:https://scholar.mzumbe.ac.tz/handle/123456789/1896
Etiquetas: Agregar Etiqueta
Sin Etiquetas, Sea el primero en etiquetar este registro!

MARC

LEADER 00000nam a2200000 4500
005 20260316043930.0
020 |a 9789987140183  |c Tshs 10000/= 
040 |a MULIB  |b eng.  |e AACR 
082 |a 496.392 OYU 
100 |a Oyugi Amba Timothy 
245 |a Structural infuluence of Sheng on Kiswahili language :  |b text book of African linguistics /  |c Amba Timothy Oyugi 
260 |a Mzumbe :  |b Mzumbe University,  |c c2012. 
300 |a ix, 146 p. :  |b ill.;  |c 21 cm. 
504 |a Includes references p. 143 - 146. 
505 |a Chapter one :- Introduction 1 - 9 Chapter two :- Examining language theories on Sheng 10 - 16 Chapter three :- Reviewing major issues on the current literatute on Sheng 17 - 33 Chapter four :- Exploring the Sheng grammar 34 - 40 Chapter five :- Nature of nouns in Sheng 41 - 85 Chapter six :- Verbs, adverbs and adverbs in Sheng 86 - 110 Chapter seven :- Sheng style and essence 111 - 125 Chapter eight :- The phonology of Sheng 126 - 139 Chapter nine :- Major lessons from the study 140 - 142 Bibliography 143 - 146 
520 |a This book on Sheng is a result of a field study between 2007 and 2010 done to fill the vacuum on Sheng research, especially the role of the new language to improve the standard Kiswahili. University students, language and linguistic researchers in East Africa and beyond will be able to find extra and new materials to augment the current lexicon, phonemes and lexemes necessary to develop the continuously expanding research on Sheng and standard Kiswahili. This is done at a time Kiswahili has been declared one of the working languages of the African Union. On a wider global arena, Kiswahili has found a place in many university campuses as one of the foremost foreign languages in Europe, North America and the Far East. Many African scholars and leaders are campaigning to see the language find official use at the United Nations in future. As such, Kiswahili improvement is a must area of interest to African linguists whose cultures find a great international renown through this native African language. The rapidity of the spread in Sheng word use across East Africa is staggering. For example, the word mos mos- popular in Nairobi, Nakuru, Kisumu and Kampala- is originally Luo meaning ‘slowly, with less speed’. In Dar es Salaam, Morogoro, Mwanza, Arusha, Mbeya and other urban centres in Tanzania, it is pronounced mosi mosi but equally and popularly used. Other popular words in Nairobi Sheng like mgwana, mpointi, karau and shags/ushago, can equally be heard in the speech of many youths in urban areas of Tanzania and Uganda who mix the words in their own versions of Kiswahili. It was difficult to define areas of word use. I leave this task to future researchers in linguistics. After all, this book is about the influence of Sheng on Kiswahili speech and writings now and in the years to come. Admittedly, the field research was done in Nairobi through 2007 and 2008. For the whole of 2009 and part of 2010, it was tested in the youth speech in many urban centres (Morogoro, Arusha, Dar es Salaam, Mwanza, Mbeya, Nakuru, Kisumu, Kampala and Tanga), and in the written media especially newspapers, radio, TV and interviews involving the youths picked up words from Kenyan capital and spread them like burning fire across the region. That was why it took three years to compile all the findings, making the author unable to define the area of use. I thought that in doing so I could create more awareness, interest and desire in all those who could want to do the same in future. 
546 |a eng. 
650 |a Sheng phonolgy  
650 |a Bantu syntax 
650 |a Swahili colloquialism 
650 |a Language analogy 
650 |a  sheng  |v  adverb  
650 |a Nouns in sheng 
650 |a Sheng  |v history and origin 
650 |a sheng  |v verbs  
650 |a Sheng styles 
650 |a  Language theories 
650 |a Sheng grammar 
650 |a Swahili language structure 
650 |a  English-Swahili language 
856 |u https://scholar.mzumbe.ac.tz/handle/123456789/1896 
942 |c BK 
999 |c 12485  |d 12485